[Event "Otranto op 1st"]
[Site "Otranto"]
[Date "2011.05.28"]
[Round "9"]
[White "Du Plessis, Heinco"]
[Black "Antkowiak, Grzegorz"]
[Result "0-1"]
[WhiteElo "2120"]
[BlackElo "2211"]
[PlyCount "100"]
[EventDate "2011.05.21"]
[EventType "swiss"]
[EventRounds "9"]
[EventCountry "ITA"]
[SourceTitle "CBM 142 Extra"]
[Source "ChessBase"]
[SourceDate "2011.06.27"]
[SourceVersion "1"]
[SourceVersionDate "2011.06.27"]
[SourceQuality "1"]

1. e4 c5 2. Nf3 e6 3. d4 Nf6 4. Nc3 cxd4 5. Nxd4 d6 6. g4 h6 7. h4 a6 8. Rg1 Nfd7 9. g5 hxg5 10. hxg5 g6 11. Be3 b5 12. a3 Bb7 13. f4 Nc6 14. Qe2 Qa5 15. Nb3 Qc7 16. 0-0-0 0-0-0 17. Nd4 Nxd4 18. Bxd4 e5 19. Be3 Nb6 20. Bxb6 Qxb6 21. Rg3 exf4 22. Qg4+ Kb8 23. Qxf4 Bg7 24. Rgd3 Be5 25. Qxf7 Rc8 26. Qxg6 Rh2 27. Bh3 Rc7 28. Qg8+ Ka7 29. Qb3 Qf2 30. Bf5 Qf4+ 31. Kb1 Qxg5 32. a4 bxa4 33. Qxa4 Rc5 34. Qb3 Qg7 35. Nd5 Bxd5 36. Rxd5 Rcxc2 37. Qxc2 Rxc2 38. Kxc2 Bxb2 39. Rxd6 Qc3+ 40. Kb1 Ba3 41. Rd7+ Kb6 42. R1d2 a5 43. R7d3 Qc1+ 44. Ka2 Bb4 45. Rd6+ Bxd6 46. Rxd6+ Kc5 47. Rd7 Qc4+ 48. Kb2 Qb4+ 49. Ka2 a4 50. Rd3 Qc4+ 0-1

[Event "POL-chT 2st League"]
[Site "Mrzezyno"]
[Date "2010.09.09"]
[Round "6.45"]
[White "Maciaga, Marcin"]
[Black "Antkowiak, Grzegorz"]
[Result "1-0"]
[WhiteElo "2207"]
[BlackElo "2202"]
[PlyCount "103"]
[EventDate "2010.09.04"]
[EventType "team-swiss"]
[EventRounds "9"]
[EventCountry "POL"]
[SourceTitle "EXT 2019"]
[Source "ChessBase"]
[SourceDate "2018.10.10"]
[SourceVersion "1"]
[SourceVersionDate "2018.10.10"]
[SourceQuality "1"]
[WhiteTeam "Zielonka Zieloni"]
[BlackTeam "Wroclaw Hetman"]
[WhiteTeamCountry "POL"]
[BlackTeamCountry "POL"]

1. e4 c5 2. Nc3 d6 3. f4 Nc6 4. Nf3 g6 5. Bb5 Bg7 6. Bxc6+ bxc6 7. d3 e6 8. 0-0 Ne7 9. Qe1 0-0 10. e5 Nf5 11. Qf2 Nd4 12. Be3 Nxf3+ 13. Qxf3 Rb8 14. b3 dxe5 15. Bxc5 exf4 16. Qxf4 Bxc3 17. Qxb8 Bxa1 18. Rxa1 Qd5 19. Qxa7 Re8 20. Rf1 e5 21. Be3 h5 22. Bg5 f5 23. Qe3 c5 24. Qg3 Kh7 25. Qf3 Qd6 26. Bc1 Bd7 27. Qf2 e4 28. Qe3 Qd4 29. Qxd4 cxd4 30. dxe4 Rxe4 31. Kf2 Kg7 32. Bb2 Kf6 33. Rd1 Ke5 34. g3 Bb5 35. Rxd4 Re2+ 36. Kf3 Ke6 37. Rb4 Rxc2 38. Rxb5 Rxb2 39. a4 Rxh2 40. Rb6+ Ke5 41. Rxg6 h4 42. gxh4 Rxh4 43. Rb6 Rh3+ 44. Kg2 Rc3 45. Kf2 f4 46. Rb5+ Ke4 47. Rb4+ Kf5 48. a5 Rc2+ 49. Ke1 Rc7 50. Ra4 Ra7 51. Kf2 Kg5 52. b4 1-0

[Event "Porto Mannu op"]
[Site "Porto Mannu"]
[Date "2009.05.20"]
[Round "6"]
[White "Antkowiak, Grzegorz"]
[Black "Grosse Honebrink, Brigitte"]
[Result "1-0"]
[WhiteElo "2197"]
[BlackElo "1927"]
[PlyCount "81"]
[EventDate "2009.05.16"]
[EventType "swiss"]
[EventRounds "9"]
[EventCountry "ITA"]
[SourceTitle "CBM 130 Extra"]
[Source "ChessBase"]
[SourceDate "2009.07.02"]
[SourceVersion "2"]
[SourceVersionDate "2009.07.15"]
[SourceQuality "1"]

1. e4 c5 2. c3 Qa5 3. Nf3 Nc6 4. Be2 d6 5. 0-0 Nf6 6. d3 e6 7. Bg5 Be7 8. Nbd2 Bd7 9. a3 Qc7 10. Rc1 d5 11. b4 dxe4 12. dxe4 b6 13. Bh4 Rd8 14. Qc2 0-0 15. b5 Ne5 16. Nxe5 Qxe5 17. f4 Qc7 18. Bg3 Qc8 19. c4 Be8 20. e5 Nd7 21. Bd3 f5 22. exf6 Nxf6 23. Nf3 h6 24. Ne5 Nh5 25. Qe2 Nxg3 26. hxg3 Rd4 27. Bb1 Qd8 28. Qc2 Rf5 29. g4 Rd2 30. Qe4 Rd4 31. Qe3 Rf6 32. g3 Bd6 33. Nf3 Qd7 34. Kg2 Rdxf4 35. gxf4 Bxf4 36. Qe4 Bxc1 37. Qh7+ Kf8 38. Rxc1 Qf7 39. Rf1 e5 40. Nxe5 Qb7+ 41. Be4 1-0

[Event "Siracusa op"]
[Site "Siracusa"]
[Date "2006.09.25"]
[Round "3"]
[White "Rigo, Gianfrancesco"]
[Black "Antkowiak, Grzegorz"]
[Result "1-0"]
[WhiteElo "2013"]
[BlackElo "2183"]
[PlyCount "39"]
[EventDate "2006.09.23"]
[EventType "swiss"]
[EventRounds "9"]
[EventCountry "ITA"]
[SourceTitle "EXT 2011"]
[Source "ChessBase"]
[SourceDate "2010.11.26"]
[SourceVersion "1"]
[SourceVersionDate "2010.11.26"]
[SourceQuality "1"]

1. e4 c5 2. Nf3 e6 3. d4 cxd4 4. Nxd4 Nf6 5. Nc3 d6 6. Bc4 Na6 7. 0-0 Nc5 8. f4 Ncxe4 9. Nxe4 Nxe4 10. f5 e5 11. Nb5 Qb6+ 12. Kh1 Be7 13. Qd5 a6 14. Be3 Qxe3 15. Nc7+ Kd8 16. Nxa8 Nf2+ 17. Rxf2 Qxf2 18. Qa5+ Ke8 19. Nc7+ Kf8 20. Qd5 1-0

[Event "Imperia op-A 44th"]
[Site "Imperia"]
[Date "2002.09.04"]
[Round "5"]
[White "Campora Perez, Daniel"]
[Black "Antkowiak, Grzegorz"]
[Result "1-0"]
[WhiteElo "2154"]
[BlackElo "2238"]
[PlyCount "51"]
[EventDate "2002.09.01"]
[EventType "swiss"]
[EventRounds "9"]
[EventCountry "ITA"]
[SourceTitle "EXT 2007"]
[Source "ChessBase"]
[SourceDate "2006.11.23"]
[SourceVersion "1"]
[SourceVersionDate "2006.11.23"]
[SourceQuality "1"]

1. e4 c5 2. Nf3 e6 3. d4 cxd4 4. Nxd4 Nf6 5. Nc3 d6 6. Be2 a6 7. 0-0 b5 8. a3 Bb7 9. Bf3 Qc7 10. g3 Nc6 11. Bg2 Be7 12. Kh1 0-0 13. f4 Nd7 14. Be3 Nb6 15. Qe2 Nc4 16. Ndxb5 axb5 17. Nxb5 Qd7 18. Qxc4 Ba6 19. a4 Rfc8 20. Qe2 Rab8 21. c4 Na5 22. Rac1 Nb3 23. Rc3 Nc5 24. Bxc5 dxc5 25. Rd1 Qc6 26. Na7 1-0

[Event "Imperia op-A 44th"]
[Site "Imperia"]
[Date "2002.09.01"]
[Round "1"]
[White "Antkowiak, Grzegorz"]
[Black "Poesson, Thierry"]
[Result "1-0"]
[WhiteElo "2238"]
[BlackElo "2075"]
[PlyCount "90"]
[EventDate "2002.09.01"]
[EventType "swiss"]
[EventRounds "9"]
[EventCountry "ITA"]
[SourceTitle "EXT 2007"]
[Source "ChessBase"]
[SourceDate "2006.11.23"]
[SourceVersion "1"]
[SourceVersionDate "2006.11.23"]
[SourceQuality "1"]

1. e4 c5 2. c3 d5 3. exd5 Qxd5 4. d4 Nc6 5. Nf3 e6 6. Be3 cxd4 7. cxd4 Nf6 8. Nc3 Qd6 9. Bd3 Be7 10. Qe2 Nb4 11. Bc4 b6 12. Ne5 Bb7 13. a3 Nbd5 14. Bb5+ Kf8 15. 0-0 h5 16. h3 g5 17. Ba6 Bxa6 18. Qxa6 Nxc3 19. bxc3 Nd5 20. Qb7 Kg7 21. c4 Qc7 22. Qxc7 Nxc7 23. a4 Rhc8 24. Rfd1 a6 25. Rab1 b5 26. axb5 axb5 27. cxb5 Nd5 28. Rb3 Rc3 29. Rdb1 Rb8 30. Nc6 Rxb3 31. Rxb3 Rb7 32. Nxe7 Nxe7 33. Bxg5 Nc6 34. Bf4 Ne7 35. b6 Nc8 36. Bc7 Ne7 37. Rb5 Nd5 38. Rxd5 exd5 39. Kh2 Kg6 40. Kg3 h4+ 41. Kf3 Kf5 42. g3 Kg5 43. gxh4+ Kxh4 44. Kf4 f6 45. Kf5 Kxh3 1-0

[Event "Nuremberg op"]
[Site "Nuremberg"]
[Date "1989.??.??"]
[Round "?"]
[White "Baikov, Vladimir A"]
[Black "Antkowiak, Grzegorz"]
[Result "1-0"]
[WhiteElo "2345"]
[BlackElo "2250"]
[PlyCount "55"]
[EventDate "1989.??.??"]
[EventType "swiss"]
[EventRounds "7"]
[EventCountry "GER"]
[SourceTitle "EXT 1997"]
[Source "ChessBase"]
[SourceDate "1996.11.15"]
[SourceVersion "1"]
[SourceVersionDate "1996.11.15"]
[SourceQuality "1"]

1. e4 c5 2. Nf3 e6 3. d4 cxd4 4. Nxd4 Nf6 5. Nc3 d6 6. g4 a6 7. g5 Nfd7 8. h4 b5 9. a3 Bb7 10. Be3 Nc6 11. Qe2 Be7 12. 0-0-0 0-0 13. f4 Nxd4 14. Bxd4 Qa5 15. h5 e5 16. Be3 Rac8 17. Nd5 Bxd5 18. Rxd5 Nb6 19. Bxb6 Qxb6 20. Bh3 Rc5 21. g6 Rxd5 22. exd5 fxg6 23. Be6+ Kh8 24. hxg6 h6 25. fxe5 Rf2 26. Qe4 dxe5 27. Qxe5 Bf6 28. Qe4 1-0

[Event "Nuremberg op"]
[Site "Nuremberg"]
[Date "1989.??.??"]
[Round "?"]
[White "Jahr, Ulrich"]
[Black "Antkowiak, Grzegorz"]
[Result "0-1"]
[WhiteElo "2235"]
[BlackElo "2250"]
[PlyCount "52"]
[EventDate "1989.??.??"]
[EventType "swiss"]
[EventRounds "7"]
[EventCountry "GER"]
[SourceTitle "EXT 1997"]
[Source "ChessBase"]
[SourceDate "1996.11.15"]
[SourceVersion "1"]
[SourceVersionDate "1996.11.15"]
[SourceQuality "1"]

1. e4 c5 2. Nf3 e6 3. d4 cxd4 4. Nxd4 Nf6 5. Nc3 d6 6. Bc4 Be7 7. Bb3 0-0 8. Be3 Na6 9. f4 Nc5 10. Qf3 a6 11. 0-0-0 Qc7 12. Rhe1 b5 13. e5 dxe5 14. fxe5 Bb7 15. Qg3 Nfe4 16. Nxe4 Bxe4 17. h4 Rac8 18. Re2 Rfd8 19. Bg5 Bg6 20. Bxe7 Qxe7 21. Qg4 h5 22. Qg3 Qc7 23. Kb1 Nxb3 24. Qxb3 Qc5 25. Red2 Rxd4 26. Rxd4 Bxc2+ 0-1